[Event "Internationaal Jeugdtoernooi Limburg 6"]
[Site "Venlo"]
[Date "2000.07.07"]
[Round "4"]
[White "Van Run, Jan"]
[Black "Simenon, Jozef"]
[Result "1-0"]
[WhiteElo "1910"]
[BlackElo "1650"]
[PlyCount "103"]
[EventDate "2000.07.06"]
[EventType "swiss"]
[EventRounds "7"]
[EventCountry "NED"]
[Source "P.Boonen"]
[SourceDate "2009.01.01"]

1. b3 Nf6 2. Bb2 e6 3. c4 d5 4. e3 Be7 5. Nf3 O-O 6. Nc3 b6 7. d4 Bb7 8. Bd3
Nbd7 9. O-O c5 10. cxd5 exd5 11. Ne5 Rc8 12. Bf5 cxd4 13. exd4 Bb4 14. Rc1 Rb8
15. Nxd7 Nxd7 16. a3 Be7 17. Re1 Bg5 18. Rc2 g6 19. Bd3 Bf6 20. Nb5 a6 21. Nd6
a5 22. Nxb7 Rxb7 23. Qf3 Nb8 24. a4 Qd6 25. Bb5 Re7 26. Rxe7 Bxe7 27. Bc1 Rd8
28. g3 Qf6 29. Qxf6 Bxf6 30. Be3 Nd7 31. Rc6 Kg7 32. h4 h6 33. Rd6 Nf8 34.
Bxh6+ Kxh6 35. Rxf6 Kg7 36. Rxb6 Ne6 37. Ra6 Nxd4 38. Rxa5 Nxb3 39. Ra7 Kf6 40.
Rc7 Ke6 41. Kg2 Nd4 42. Rc1 Nxb5 43. axb5 Rb8 44. Rb1 Ke5 45. Kf3 Kd4 46. Ke2
Kc3 47. Kd1 d4 48. b6 d3 49. b7 d2 50. Rb6 Re8 51. Rc6+ Kd3 52. Rd6+ 1-0

[Event "Internationaal Jeugdtoernooi Limburg 6"]
[Site "Venlo"]
[Date "2000.07.07"]
[Round "4"]
[White "Van Weersel, Arlette"]
[Black "Van den Berg, Hilke"]
[Result "0-1"]
[WhiteElo "1819"]
[BlackElo "1949"]
[PlyCount "50"]
[EventDate "2000.07.06"]
[EventType "swiss"]
[EventRounds "7"]
[EventCountry "NED"]
[Source "P.Boonen"]
[SourceDate "2009.01.01"]

1. e4 c5 2. c4 Nc6 3. Ne2 Nf6 4. Nbc3 g6 5. d3 Bg7 6. g3 O-O 7. Bg2 d6 8. O-O
Bd7 9. a3 Qc8 10. Re1 Bh3 11. Bh1 Nh5 12. Nf4 Nxf4 13. Bxf4 f5 14. exf5 Rxf5
15. Bd5+ Kh8 16. Be6 Qf8 17. Bxf5 Qxf5 18. f3 g5 19. Bc1 Ne5 20. Rxe5 Bxe5 21.
Nd5 Rf8 22. f4 gxf4 23. Nxf4 Bd4+ 24. Kh1 e5 25. Nxh3 Qxh3 0-1

[Event "Internationaal Jeugdtoernooi Limburg 6"]
[Site "Venlo"]
[Date "2000.07.07"]
[Round "4"]
[White "Verwer, Sicco"]
[Black "Schilperoort, Jeroen"]
[Result "1/2-1/2"]
[WhiteElo "1800"]
[BlackElo "1851"]
[PlyCount "80"]
[EventDate "2000.07.06"]
[EventType "swiss"]
[EventRounds "7"]
[EventCountry "NED"]
[Source "P.Boonen"]
[SourceDate "2009.01.01"]

1. e4 c6 2. d4 d5 3. Nc3 dxe4 4. Nxe4 Nf6 5. Nxf6+ gxf6 6. Bc4 Bf5 7. Be3 e6 8.
Qd2 Nd7 9. Nf3 Rg8 10. Nh4 Be4 11. f3 f5 12. g3 Bd5 13. Bxd5 cxd5 14. O-O-O Nb6
15. Rhe1 Nc4 16. Qd3 Rc8 17. Nxf5 Qb6 18. b3 Ba3+ 19. Kb1 Nb2 20. Qe2 Nxd1 21.
Qxd1 Rc6 22. Nh6 Rh8 23. f4 Qb4 24. Ng4 Qc3 25. Nf6+ Kd8 26. Bc1 Bxc1 27. Qxc1
Qxd4 28. Ng4 Rc7 29. Rd1 Qc3 30. Rd2 a5 31. Ne5 a4 32. Rd3 Qb4 33. f5 Qe4 34.
Qg5+ Kc8 35. Nf3 Qe2 36. Nd4 Qxh2 37. fxe6 fxe6 38. Qe5 Re8 39. Re3 axb3 40.
axb3 Qh1+ 1/2-1/2

[Event "Internationaal Jeugdtoernooi Limburg 6"]
[Site "Venlo"]
[Date "2000.07.07"]
[Round "4"]
[White "Vink, Nico"]
[Black "Amesz, Jaap"]
[Result "1/2-1/2"]
[WhiteElo "2234"]
[BlackElo "2181"]
[PlyCount "137"]
[EventDate "2000.07.06"]
[EventType "swiss"]
[EventRounds "7"]
[EventCountry "NED"]
[Source "P.Boonen"]
[SourceDate "2009.01.01"]

1. e4 c5 2. Nf3 Nc6 3. d4 cxd4 4. Nxd4 Nf6 5. Nc3 e5 6. Ndb5 d6 7. Nd5 Nxd5 8.
exd5 Nb8 9. c4 a6 10. Nc3 Be7 11. Bd3 O-O 12. O-O f5 13. f4 Bf6 14. Qc2 e4 15.
Be2 Qb6+ 16. Kh1 Bd7 17. Rb1 Rc8 18. b4 a5 19. b5 Be8 20. Ba3 Qd8 21. Na4 b6
22. Qd2 Qc7 23. Nc3 Nd7 24. Nd1 h5 25. Rb3 Nc5 26. Rh3 g6 27. Ne3 Qd7 28. Nc2
Kf8 29. Nd4 Bxd4 30. Qxd4 Qg7 31. Qd2 Ke7 32. Bb2 Qf7 33. Qe1 Kd7 34. Rg3 Qe7
35. Bd4 Bf7 36. Qc3 Kc7 37. Bxc5 bxc5 38. Bd1 Kb6 39. Kg1 Rg8 40. Rg5 Raf8 41.
Kf2 Be8 42. Rh1 Bd7 43. Re1 Qf7 44. Re3 Bc8 45. Reg3 Bd7 46. Ke3 Bc8 47. Kd2
Bd7 48. Kc2 Bc8 49. Kb3 Bd7 50. Ka4 Ra8 51. Bxh5 gxh5 52. Rxg8 Rxg8 53. Qxa5+
Kb7 54. Qa6+ Kb8 55. Qxd6+ Kc8 56. Qxc5+ Kb7 57. Rxg8 Qxg8 58. Qe7 Kc8 59. Qc5+
Kb7 60. Qd6 Qe8 61. Qa6+ Kb8 62. Qb6+ Ka8 63. c5 e3 64. c6 Bxc6 65. dxc6 Qe4+
66. Ka5 Qe7 67. Qa6+ Kb8 68. Qb6+ Ka8 69. Qa6+ 1/2-1/2

[Event "Internationaal Jeugdtoernooi Limburg 6"]
[Site "Venlo"]
[Date "2000.07.07"]
[Round "4"]
[White "Wirig, Anthony"]
[Black "Erwich, Frank AS"]
[Result "1/2-1/2"]
[WhiteElo "2221"]
[BlackElo "2299"]
[PlyCount "50"]
[EventDate "2000.07.06"]
[EventType "swiss"]
[EventRounds "7"]
[EventCountry "NED"]
[Source "P.Boonen"]
[SourceDate "2009.01.01"]

1. d4 Nf6 2. Nf3 b6 3. Bg5 e6 4. Nbd2 Bb7 5. e3 c5 6. Bd3 Nc6 7. c3 Be7 8. O-O
O-O 9. a3 h6 10. Bxf6 Bxf6 11. b4 cxd4 12. cxd4 d6 13. Rc1 a5 14. b5 Ne7 15.
Bb1 Rc8 16. Qe2 Qd7 17. h3 Rxc1 18. Rxc1 Rc8 19. Rxc8+ Qxc8 20. Qc4 Qxc4 21.
Nxc4 Bxf3 22. gxf3 Nc8 23. f4 d5 24. Nd2 Be7 25. a4 Bb4 1/2-1/2

[Event "Internationaal Jeugdtoernooi Limburg 6"]
[Site "Venlo"]
[Date "2000.07.08"]
[Round "5"]
[White "Amesz, Jaap"]
[Black "Smeets, Jan"]
[Result "1/2-1/2"]
[WhiteElo "2181"]
[BlackElo "2264"]
[PlyCount "70"]
[EventDate "2000.07.06"]
[EventType "swiss"]
[EventRounds "7"]
[EventCountry "NED"]
[Source "P.Boonen"]
[SourceDate "2009.01.01"]

1. d4 d5 2. c4 c6 3. Nc3 e6 4. cxd5 cxd5 5. Bf4 a6 6. e3 Nf6 7. h3 Be7 8. Nf3
O-O 9. Bd3 b5 10. O-O Bb7 11. g3 Nbd7 12. Nd2 Nb6 13. b4 Nc4 14. Nb3 Qb6 15.
Nc5 a5 16. Qb3 Bc6 17. Rfb1 Ra7 18. Bxc4 dxc4 19. Qb2 Rfa8 20. Bg5 Qd8 21. a4
Bxc5 22. dxc5 axb4 23. Qxb4 Qa5 24. Bxf6 gxf6 25. Nxb5 Qxb4 26. Rxb4 Ra5 27.
Nd4 Bd5 28. e4 Bxe4 29. Rxc4 Bd5 30. Rc3 Rxa4 31. Rxa4 Rxa4 32. Nc2 Bc6 33. Ne3
Ra5 34. Nc2 Ra4 35. Ne3 Ra5 1/2-1/2

[Event "Internationaal Jeugdtoernooi Limburg 6"]
[Site "Venlo"]
[Date "2000.07.08"]
[Round "5"]
[White "Bensdorp, Laura"]
[Black "Van Run, Jan"]
[Result "1/2-1/2"]
[WhiteElo "1674"]
[BlackElo "1910"]
[PlyCount "121"]
[EventDate "2000.07.06"]
[EventType "swiss"]
[EventRounds "7"]
[EventCountry "NED"]
[Source "P.Boonen"]
[SourceDate "2009.01.01"]

1. e4 d5 2. exd5 Nf6 3. d4 Nxd5 4. c4 Nf6 5. Nc3 Bg4 6. Be2 Bxe2 7. Ngxe2 g6 8.
Bf4 c6 9. Qd2 Bg7 10. Rd1 e6 11. O-O O-O 12. Rfe1 Re8 13. Ng3 Nbd7 14. b3 Qa5
15. Nce4 Qxd2 16. Rxd2 Nxe4 17. Nxe4 Nf6 18. Nd6 Re7 19. Be5 Rd7 20. Bxf6 Rxd6
21. Bxg7 Kxg7 22. Red1 Rad8 23. Kf1 c5 24. d5 Kf6 25. f4 exd5 26. cxd5 b6 27.
Kf2 Re8 28. Kf3 Re7 29. Rd3 Red7 30. h3 Ke7 31. R1d2 Kd8 32. Ke2 Re7+ 33. Re3
Rxe3+ 34. Kxe3 f5 35. Rd3 Kd7 36. Kd2 b5 37. Kc3 Ra6 38. Rd2 Kd6 39. g3 Rb6 40.
b4 Rb7 41. Re2 cxb4+ 42. Kxb4 Kxd5 43. Re5+ Kd4 44. a3 Kd3 45. h4 Kd4 46. h5
a5+ 47. Kxa5 Kc4 48. Ka6 Rb8 49. Ka7 Rd8 50. hxg6 hxg6 51. Re3 b4 52. axb4 Kxb4
53. Re6 Rg8 54. Re5 Kc4 55. Kb6 Rb8+ 56. Kc6 Kd3 57. g4 fxg4 58. Rg5 Kd4 59.
Rxg4 Ke4 60. Rxg6 Rb3 61. Kc5 1/2-1/2

[Event "Internationaal Jeugdtoernooi Limburg 6"]
[Site "Venlo"]
[Date "2000.07.08"]
[Round "5"]
[White "Dambacher, Martijn"]
[Black "L'Ami, Erwin"]
[Result "0-1"]
[WhiteElo "2290"]
[BlackElo "2189"]
[PlyCount "98"]
[EventDate "2000.07.06"]
[EventType "swiss"]
[EventRounds "7"]
[EventCountry "NED"]
[Source "P.Boonen"]
[SourceDate "2009.01.01"]

1. e4 c5 2. Nf3 d6 3. d4 cxd4 4. Nxd4 Nf6 5. Nc3 a6 6. f4 e6 7. Qf3 Qc7 8. g4
Nc6 9. Be3 Nxd4 10. Bxd4 e5 11. fxe5 dxe5 12. Qg3 Bd6 13. Bg1 Bb4 14. Bd4 Nxe4
15. Qxe5+ Qxe5 16. Bxe5 O-O 17. Bg2 Bxc3+ 18. bxc3 Re8 19. Bxe4 Bxg4 20. O-O
Rxe5 21. Bxb7 Ra7 22. Rae1 Rxe1 23. Rxe1 Be6 24. Bc8 Kf8 25. Bxe6 Re7 26. Rb1
Rxe6 27. Rb7 Re3 28. Ra7 Rxc3 29. Rxa6 Rxc2 30. a4 g6 31. a5 Kg7 32. Rb6 Ra2
33. a6 h5 34. h3 Kh6 35. Rf6 Kg7 36. Rc6 h4 37. Rb6 f5 38. Rc6 Kh6 39. Rb6 Kh5
40. Rf6 Kg5 41. Rc6 f4 42. Rc5+ Kf6 43. Rc6+ Kf5 44. Rc5+ Ke4 45. Rc6 g5 46.
Rg6 Kf5 47. Rb6 f3 48. Kf1 Kf4 49. Rg6 g4 0-1

[Event "Internationaal Jeugdtoernooi Limburg 6"]
[Site "Venlo"]
[Date "2000.07.08"]
[Round "5"]
[White "Erwich, Frank AS"]
[Black "Schreiber, Christophe"]
[Result "1-0"]
[WhiteElo "2299"]
[BlackElo "2111"]
[PlyCount "49"]
[EventDate "2000.07.06"]
[EventType "swiss"]
[EventRounds "7"]
[EventCountry "NED"]
[Source "P.Boonen"]
[SourceDate "2009.01.01"]

1. e4 d6 2. d4 Nf6 3. Bd3 e5 4. c3 d5 5. dxe5 Nxe4 6. Nf3 Be7 7. O-O O-O 8. Qc2
f5 9. exf6 Nxf6 10. Bg5 h6 11. Bh4 Nbd7 12. Re1 Nc5 13. Bh7+ Kh8 14. Ne5 Nce4
15. Bxe4 dxe4 16. Ng6+ Kg8 17. Nxf8 Qxf8 18. Bxf6 Bxf6 19. Qxe4 c6 20. Nd2 Bd7
21. Nf3 Re8 22. Qc4+ Kh8 23. Nh4 Rxe1+ 24. Rxe1 Be8 25. Qe4 1-0

[Event "Internationaal Jeugdtoernooi Limburg 6"]
[Site "Venlo"]
[Date "2000.07.08"]
[Round "5"]
[White "Erwich, Marc JL"]
[Black "Vink, Nico"]
[Result "0-1"]
[WhiteElo "2180"]
[BlackElo "2234"]
[PlyCount "82"]
[EventDate "2000.07.06"]
[EventType "swiss"]
[EventRounds "7"]
[EventCountry "NED"]
[Source "P.Boonen"]
[SourceDate "2009.01.01"]

1. e4 c5 2. Nf3 d6 3. d4 cxd4 4. Nxd4 Nf6 5. Nc3 a6 6. Be2 e5 7. Nb3 Be6 8. O-O
Be7 9. f4 Qc7 10. a4 Nbd7 11. Be3 O-O 12. a5 exf4 13. Rxf4 Rfe8 14. Nd5 Bxd5
15. exd5 Bf8 16. Bf2 Ne5 17. Bb6 Qe7 18. Bf1 g6 19. Rb4 Bg7 20. c3 Rac8 21. Bf2
Qc7 22. Raa4 Nfd7 23. h3 Bf6 24. Re4 Bg7 25. Re1 Qd8 26. Rb4 Rc7 27. Bh4 Bf6
28. Bf2 Qe7 29. Nd2 Nc5 30. Ne4 Nxe4 31. Rbxe4 Bg7 32. Qa4 f5 33. Rb4 Qf7 34.
Rb6 Rd8 35. Qb3 f4 36. c4 f3 37. g3 h5 38. c5 dxc5 39. Re6 c4 40. Qb6 Rxd5 41.
Rd6 Rb5 0-1

[Event "Internationaal Jeugdtoernooi Limburg 6"]
[Site "Venlo"]
[Date "2000.07.08"]
[Round "5"]
[White "Heltzel, Joost"]
[Black "Remmel, Tim"]
[Result "0-1"]
[WhiteElo "2079"]
[BlackElo "2126"]
[PlyCount "70"]
[EventDate "2000.07.06"]
[EventType "swiss"]
[EventRounds "7"]
[EventCountry "NED"]
[Source "P.Boonen"]
[SourceDate "2009.01.01"]

1. Nf3 Nf6 2. g3 g6 3. Bg2 Bg7 4. O-O O-O 5. d3 c5 6. e4 d6 7. Nbd2 Nc6 8. Nh4
Rb8 9. h3 b5 10. f4 c4 11. Kh2 cxd3 12. cxd3 Bd7 13. Ndf3 a5 14. f5 a4 15. Bg5
Qa5 16. Qe2 b4 17. Rae1 Ne5 18. Nxe5 dxe5 19. Qe3 Rbc8 20. g4 b3 21. axb3 axb3
22. Bh6 Rc2 23. Bxg7 Kxg7 24. Qg3 Rxb2 25. Nf3 Rc8 26. Nxe5 Rcc2 27. Rg1 Bb5
28. Ref1 g5 29. Rd1 Qc7 30. d4 Nxe4 31. Qe3 Rxg2+ 32. Rxg2 Rxg2+ 33. Kxg2 Qc2+
34. Rd2 Qxd2+ 35. Qxd2 Nxd2 0-1

[Event "Internationaal Jeugdtoernooi Limburg 6"]
[Site "Venlo"]
[Date "2000.07.08"]
[Round "5"]
[White "Holtackers, Daan"]
[Black "Verwer, Sicco"]
[Result "1-0"]
[WhiteElo "1850"]
[BlackElo "1800"]
[PlyCount "41"]
[EventDate "2000.07.06"]
[EventType "swiss"]
[EventRounds "7"]
[EventCountry "NED"]
[Source "P.Boonen"]
[SourceDate "2009.01.01"]

1. e4 e5 2. Nc3 Nf6 3. Bc4 Nc6 4. f4 Bb4 5. Nf3 d6 6. O-O Bg4 7. h3 Bxf3 8.
Qxf3 Nd4 9. Qg3 Qe7 10. fxe5 Qxe5 11. Qxg7 O-O-O 12. Qxf6 Qc5 13. Kh1 Qxc4 14.
d3 Qc6 15. Qxd4 Bc5 16. Qd5 Qe8 17. Bg5 Rd7 18. Qf5 f6 19. h4 Rg8 20. Nd5 Bd4
21. c3 1-0

[Event "Internationaal Jeugdtoernooi Limburg 6"]
[Site "Venlo"]
[Date "2000.07.08"]
[Round "5"]
[White "Nabuurs, Joep"]
[Black "Hansen, Herve"]
[Result "1-0"]
[WhiteElo "1526"]
[BlackElo "1920"]
[PlyCount "63"]
[EventDate "2000.07.06"]
[EventType "swiss"]
[EventRounds "7"]
[EventCountry "NED"]
[Source "P.Boonen"]
[SourceDate "2009.01.01"]

1. e4 c5 2. Nf3 Nc6 3. d4 cxd4 4. Nxd4 e5 5. Nb5 d6 6. Be3 Be7 7. Nd2 a6 8. Nc3
Bg5 9. Bxg5 Qxg5 10. Nc4 Nd4 11. Nxd6+ Kf8 12. Qd2 Qg6 13. Nc4 f6 14. f3 Be6
15. O-O-O Rc8 16. Nb6 Rc6 17. Nbd5 Ne7 18. Bd3 Qf7 19. Nxe7 Kxe7 20. Nd5+ Bxd5
21. exd5 Qxd5 22. Qb4+ Qd6 23. Qxb7+ Rc7 24. Qe4 Qb6 25. c3 Rb8 26. Rd2 g6 27.
f4 Qa5 28. fxe5 fxe5 29. Re1 Nc6 30. Qh4+ Ke8 31. Qf6 Rf7 32. Qxc6+ 1-0

[Event "Internationaal Jeugdtoernooi Limburg 6"]
[Site "Venlo"]
[Date "2000.07.08"]
[Round "5"]
[White "Nabuurs, Mart"]
[Black "Clevers, Egbert"]
[Result "1/2-1/2"]
[WhiteElo "1500"]
[BlackElo "1500"]
[PlyCount "42"]
[EventDate "2000.07.06"]
[EventType "swiss"]
[EventRounds "7"]
[EventCountry "NED"]
[Source "P.Boonen"]
[SourceDate "2009.01.01"]

1. e4 e5 2. Nf3 Nc6 3. Bc4 Nf6 4. Ng5 d5 5. exd5 b5 6. dxc6 bxc4 7. d3 cxd3 8.
Qxd3 Bb4+ 9. Bd2 Qxd3 10. cxd3 Bxd2+ 11. Nxd2 Bf5 12. O-O O-O 13. Nde4 Nxe4 14.
dxe4 Bg4 15. f3 Bc8 16. Rfd1 h6 17. Nh3 Bxh3 18. gxh3 Rad8 19. Kf2 f6 20. Ke2
Kf7 21. Rac1 Ke7 1/2-1/2

[Event "Internationaal Jeugdtoernooi Limburg 6"]
[Site "Venlo"]
[Date "2000.07.08"]
[Round "5"]
[White "Plukkel, Sjoerd"]
[Black "Van Weersel, Arlette"]
[Result "1-0"]
[WhiteElo "1976"]
[BlackElo "1819"]
[PlyCount "35"]
[EventDate "2000.07.06"]
[EventType "swiss"]
[EventRounds "7"]
[EventCountry "NED"]
[Source "P.Boonen"]
[SourceDate "2009.01.01"]

1. e4 e5 2. Nf3 Nc6 3. d4 exd4 4. Nxd4 Qh4 5. Nb5 Qxe4+ 6. Be2 Bb4+ 7. Bd2
Bxd2+ 8. Nxd2 Qe5 9. Nc4 Qc5 10. Nxc7+ Kd8 11. Nxa8 d5 12. c3 Nf6 13. O-O Be6
14. b4 Qe7 15. b5 Nb8 16. b6 Nbd7 17. bxa7 dxc4 18. Nb6 1-0

[Event "Internationaal Jeugdtoernooi Limburg 6"]
[Site "Venlo"]
[Date "2000.07.08"]
[Round "5"]
[White "Ris, Robert"]
[Black "Hendriks, Victor"]
[Result "0-1"]
[WhiteElo "1750"]
[BlackElo "1961"]
[PlyCount "68"]
[EventDate "2000.07.06"]
[EventType "swiss"]
[EventRounds "7"]
[EventCountry "NED"]
[Source "P.Boonen"]
[SourceDate "2009.01.01"]

1. e4 g6 2. d4 Bg7 3. Nc3 c6 4. Nf3 d5 5. e5 Bg4 6. h3 Bxf3 7. Qxf3 e6 8. Bf4
Qb6 9. O-O-O Nd7 10. h4 h5 11. Bd3 a5 12. g4 a4 13. a3 Qa5 14. gxh5 Rxh5 15.
Qg3 Ne7 16. Bg5 Bf8 17. Bd2 Qa7 18. Bg5 Rh8 19. Qf4 b5 20. Rh3 b4 21. axb4 a3
22. bxa3 Qxa3+ 23. Kd2 Qxb4 24. Rb1 Qa5 25. Rb7 Nf5 26. Bxf5 gxf5 27. Rb2 Bb4
28. Bf6 Rg8 29. Rg3 Bxc3+ 30. Rxc3 Rg4 31. Qe3 Re4 32. Qh3 Qa1 33. Rcb3 Qe1+
34. Kd3 Qd1+ 0-1

[Event "Internationaal Jeugdtoernooi Limburg 6"]
[Site "Venlo"]
[Date "2000.07.08"]
[Round "5"]
[White "Schilperoort, Jeroen"]
[Black "Snoeck, Rene"]
[Result "0-1"]
[WhiteElo "1851"]
[BlackElo "1750"]
[PlyCount "48"]
[EventDate "2000.07.06"]
[EventType "swiss"]
[EventRounds "7"]
[EventCountry "NED"]
[Source "P.Boonen"]
[SourceDate "2009.01.01"]

1. e4 c6 2. d4 d5 3. Nc3 g6 4. Nf3 Bg7 5. Bf4 Bg4 6. Qd2 Bxf3 7. gxf3 dxe4 8.
fxe4 Qxd4 9. O-O-O Qxd2+ 10. Rxd2 Nd7 11. Bh3 e6 12. Rhd1 Ngf6 13. f3 O-O-O 14.
Be3 Nb6 15. Rxd8+ Rxd8 16. Rxd8+ Kxd8 17. a4 Nfd7 18. a5 Nc4 19. Bxa7 Be5 20.
Ne2 Bxb2+ 21. Kb1 Be5 22. f4 Bc7 23. a6 b6 24. e5 Na3+ 0-1

[Event "Internationaal Jeugdtoernooi Limburg 6"]
[Site "Venlo"]
[Date "2000.07.08"]
[Round "5"]
[White "Spronkmans, Stefan"]
[Black "Van Gils, Philip"]
[Result "1/2-1/2"]
[WhiteElo "1650"]
[BlackElo "1726"]
[PlyCount "41"]
[EventDate "2000.07.06"]
[EventType "swiss"]
[EventRounds "7"]
[EventCountry "NED"]
[Source "P.Boonen"]
[SourceDate "2009.01.01"]

1. e4 c5 2. Nf3 e6 3. d4 cxd4 4. Nxd4 a6 5. Nc3 Nc6 6. Be3 Nge7 7. Be2 g6 8.
O-O Bg7 9. f4 Nxd4 10. Bxd4 Bxd4+ 11. Qxd4 O-O 12. Kh1 b5 13. Rad1 Nc6 14. Qd2
Qc7 15. Rf3 Rd8 16. e5 Bb7 17. Rh3 h5 18. Qe3 d5 19. Qg3 b4 20. Na4 Ne7 21. Bd3
1/2-1/2

[Event "Internationaal Jeugdtoernooi Limburg 6"]
[Site "Venlo"]
[Date "2000.07.08"]
[Round "5"]
[White "Tan, Matthew"]
[Black "Bensdorp, Marlies"]
[Result "1/2-1/2"]
[WhiteElo "1800"]
[BlackElo "1669"]
[PlyCount "59"]
[EventDate "2000.07.06"]
[EventType "swiss"]
[EventRounds "7"]
[EventCountry "NED"]
[Source "P.Boonen"]
[SourceDate "2009.01.01"]

1. e4 e6 2. d4 d5 3. Nc3 Bb4 4. Nge2 Ne7 5. a3 Bxc3+ 6. Nxc3 Nd7 7. Bf4 c6 8.
Bd3 O-O 9. Bd6 dxe4 10. Nxe4 Re8 11. O-O Nf5 12. c3 Nxd6 13. Nxd6 Rf8 14. Nc4
b6 15. Ne5 Nxe5 16. dxe5 Bb7 17. Qc2 h6 18. Rad1 Qc7 19. f4 Rfd8 20. Qe2 c5 21.
Rf2 c4 22. Bc2 Rxd1+ 23. Bxd1 Rd8 24. Bc2 Qc5 25. h3 b5 26. Kh2 a5 27. Bb1 Qd5
28. Bc2 Qc5 29. h4 h5 30. Bb1 1/2-1/2

[Event "Internationaal Jeugdtoernooi Limburg 6"]
[Site "Venlo"]
[Date "2000.07.08"]
[Round "5"]
[White "Van Delft, Merijn"]
[Black "Koster, Ramon"]
[Result "1-0"]
[WhiteElo "2304"]
[BlackElo "2106"]
[PlyCount "83"]
[EventDate "2000.07.06"]
[EventType "swiss"]
[EventRounds "7"]
[EventCountry "NED"]
[Source "P.Boonen"]
[SourceDate "2009.01.01"]

1. e4 e6 2. d4 d5 3. Nc3 Bb4 4. e5 c5 5. a3 Bxc3+ 6. bxc3 Ne7 7. Nf3 Bd7 8. h4
Ba4 9. h5 h6 10. Rh4 Nf5 11. Rg4 c4 12. g3 Qa5 13. Bd2 Nc6 14. Nh4 Nxh4 15.
Rxh4 O-O-O 16. Bh3 Kb8 17. Kf1 Rde8 18. Kg1 f5 19. exf6 gxf6 20. Rf4 Qd8 21.
Qf3 Rhf8 22. Re1 e5 23. Rh4 exd4 24. Rxe8 Rxe8 25. Bxh6 Re1+ 26. Kh2 Ne5 27.
Qf4 Re4 28. cxd4 Rxf4 29. Bxf4 Qh8 30. c3 Bc2 31. h6 Bh7 32. Bg2 Ka8 33. dxe5
fxe5 34. Be3 Qd8 35. Rg4 d4 36. cxd4 exd4 37. Rxd4 Qe8 38. Bg5 Kb8 39. Rd8+
Qxd8 40. Bxd8 b5 41. Ba5 Kc8 42. Bc6 1-0

[Event "Internationaal Jeugdtoernooi Limburg 6"]
[Site "Venlo"]
[Date "2000.07.08"]
[Round "5"]
[White "Van Gemen, Felix"]
[Black "Van Otten, Gerard J"]
[Result "1/2-1/2"]
[WhiteElo "1803"]
[BlackElo "1940"]
[PlyCount "75"]
[EventDate "2000.07.06"]
[EventType "swiss"]
[EventRounds "7"]
[EventCountry "NED"]
[Source "P.Boonen"]
[SourceDate "2009.01.01"]

1. e4 c5 2. Nc3 Nc6 3. g3 g6 4. Bg2 Bg7 5. d3 d6 6. Be3 Nd4 7. Qc1 Nf6 8. Nd1
O-O 9. c3 Nc6 10. f4 Rb8 11. h3 Bd7 12. g4 b5 13. Ne2 b4 14. Ng3 bxc3 15. bxc3
Qa5 16. O-O Qa6 17. Qd2 Na5 18. Nf2 Bc6 19. g5 Nd7 20. Ng4 Rb7 21. f5 Rfb8 22.
f6 Rb2 23. Qd1 exf6 24. gxf6 Bf8 25. Nh6+ Bxh6 26. Bxh6 Ba4 27. Qxa4 Qxd3 28.
Rf3 Qb5 29. Qxb5 R8xb5 30. Rd1 Nc4 31. Bf1 Nde5 32. Rf2 Rxf2 33. Kxf2 Rb2+ 34.
Be2 Rxa2 35. Ke1 Rb2 36. Bxc4 Nf3+ 37. Kf1 Nh2+ 38. Kg1 1/2-1/2

[Event "Internationaal Jeugdtoernooi Limburg 6"]
[Site "Venlo"]
[Date "2000.07.08"]
[Round "5"]
[White "Van den Berg, Hilke"]
[Black "Tan, Kevin"]
[Result "1/2-1/2"]
[WhiteElo "1949"]
[BlackElo "1996"]
[PlyCount "41"]
[EventDate "2000.07.06"]
[EventType "swiss"]
[EventRounds "7"]
[EventCountry "NED"]
[Source "P.Boonen"]
[SourceDate "2009.01.01"]

1. e4 e6 2. d4 d5 3. exd5 exd5 4. Nf3 Bd6 5. c3 Nf6 6. Bd3 O-O 7. O-O Bg4 8.
Re1 Nbd7 9. Bg5 Bh5 10. Nbd2 c6 11. Qc2 Qc7 12. Bh4 Bg6 13. Bg3 Rfe8 14. Rxe8+
Rxe8 15. Re1 Rxe1+ 16. Nxe1 Bxg3 17. hxg3 Qd6 18. Bxg6 hxg6 19. Nd3 Qe6 20. Nf3
Qf5 21. Qe2 1/2-1/2

[Event "Internationaal Jeugdtoernooi Limburg 6"]
[Site "Venlo"]
[Date "2000.07.08"]
[Round "5"]
[White "Vanwersch, Rob"]
[Black "Den Heeten, Djurre"]
[Result "0-1"]
[WhiteElo "1538"]
[BlackElo "1894"]
[PlyCount "66"]
[EventDate "2000.07.06"]
[EventType "swiss"]
[EventRounds "7"]
[EventCountry "NED"]
[Source "P.Boonen"]
[SourceDate "2009.01.01"]

1. e4 e5 2. Nc3 Bc5 3. Nf3 d6 4. Na4 Nd7 5. Nxc5 Nxc5 6. d4 exd4 7. Qxd4 Nf6 8.
e5 Qe7 9. Bg5 Ncd7 10. O-O-O dxe5 11. Qc3 Ne4 12. Qe3 Nxg5 13. Nxg5 O-O 14. Bc4
Nb6 15. Bb3 c5 16. Bd5 Nxd5 17. Rxd5 f6 18. Nf3 b6 19. Rhd1 Be6 20. Rd6 Rfd8
21. Qd2 Rxd6 22. Qxd6 Kf8 23. Qc6 Rc8 24. Qe4 g6 25. Qd3 c4 26. Qe4 c3 27. Qd3
Bf5 28. Qd6 Qxd6 29. Rxd6 Ke7 30. Rd1 cxb2+ 31. Kxb2 Rxc2+ 32. Ka3 Rxf2 33. Nh4
Be6 0-1

[Event "Internationaal Jeugdtoernooi Limburg 6"]
[Site "Venlo"]
[Date "2000.07.08"]
[Round "5"]
[White "Vinck, Martin"]
[Black "Van Ruitenburg, Joost"]
[Result "1-0"]
[WhiteElo "2155"]
[BlackElo "2014"]
[PlyCount "35"]
[EventDate "2000.07.06"]
[EventType "swiss"]
[EventRounds "7"]
[EventCountry "NED"]
[Source "P.Boonen"]
[SourceDate "2009.01.01"]

1. e4 e5 2. Nf3 Nc6 3. Bb5 Nd4 4. Nxd4 exd4 5. O-O Bc5 6. d3 c6 7. Ba4 a5 8. f4
h5 9. h3 d5 10. f5 dxe4 11. dxe4 b5 12. Bb3 Ba6 13. Qd3 Bd6 14. e5 Bxe5 15. Re1
Qd6 16. Qg3 f6 17. Qxg7 O-O-O 18. Qxh8 1-0

[Event "Internationaal Jeugdtoernooi Limburg 6"]
[Site "Venlo"]
[Date "2000.07.08"]
[Round "5"]
[White "Wortel, Marten"]
[Black "Wirig, Anthony"]
[Result "1-0"]
[WhiteElo "2256"]
[BlackElo "2221"]
[PlyCount "75"]
[EventDate "2000.07.06"]
[EventType "swiss"]
[EventRounds "7"]
[EventCountry "NED"]
[Source "P.Boonen"]
[SourceDate "2009.01.01"]

1. e4 c5 2. Nf3 Nc6 3. d4 cxd4 4. Nxd4 g6 5. c4 Bg7 6. Be3 Nf6 7. Nc3 O-O 8. f3
b6 9. Qd2 Bb7 10. Be2 d6 11. O-O Qb8 12. Rac1 Rd8 13. Nd5 Rd7 14. Nxc6 Bxc6 15.
Bg5 Nxd5 16. cxd5 Bb7 17. Bb5 Rc7 18. Rxc7 Qxc7 19. Rc1 Qd8 20. Bc6 Bxc6 21.
Rxc6 Qd7 22. b4 b5 23. Qc2 Bd4+ 24. Kf1 Bb6 25. Qd3 Qe8 26. Qxb5 Qf8 27. Qc4
Rb8 28. Bd2 Qd8 29. a4 a5 30. b5 h5 31. Bc3 f6 32. Bd4 Bxd4 33. Qxd4 Qf8 34.
Rc7 Qh6 35. Qc3 Re8 36. Qc1 Qf8 37. b6 f5 38. b7 1-0